The Association of Local Authority Valuers and Estate Surveyors, 1949-1977 (Record no. 94665)

MARC details
000 -LEADER
fixed length control field 00754cam a2200229 4500
001 - CONTROL NUMBER
control field D1505
008 - FIXED-LENGTH DATA ELEMENTS--GENERAL INFORMATION
fixed length control field 071127s1977 xxk f 000 0deng
035 ## - SYSTEM CONTROL NUMBER
System control number (Sirsi) u64293
041 ## - LANGUAGE CODE
Language code of text/sound track or separate title eng
050 04 - LIBRARY OF CONGRESS CALL NUMBER
Classification number 920 $2 18
100 1# - MAIN ENTRY--PERSONAL NAME
Personal name Blessley, Kenneth
245 04 - TITLE STATEMENT
Title The Association of Local Authority Valuers and Estate Surveyors, 1949-1977
Remainder of title a brief history
260 ## - PUBLICATION, DISTRIBUTION, ETC.
Place of publication, distribution, etc. [London]
Name of publisher, distributor, etc. [The author]
Date of publication, distribution, etc. [1977]
300 ## - PHYSICAL DESCRIPTION
Extent 60 p.
Dimensions 30 cm.
350 ## - PRICE (NR) (BK AM CF MU VM SE) [OBSOLETE]
Price 0
520 ## - SUMMARY, ETC.
Summary, etc. A history of the Association of Local Authority Valuers and Estate Surveyors.
610 24 - SUBJECT ADDED ENTRY--CORPORATE NAME
Corporate name or jurisdiction name as entry element Association of Local Authority Valuers and Estate Surveyors
9 (RLIN) 5466
651 #4 - SUBJECT ADDED ENTRY--GEOGRAPHIC NAME
Geographic name United Kingdom
Chronological subdivision
690 ## - LOCAL SUBJECT ADDED ENTRY--TOPICAL TERM (OCLC, RLIN)
Topical term or geographic name as entry element ABOUT RICS-RICS MEMBERS-CHARTERED SURVEYORS
942 ## - ADDED ENTRY ELEMENTS (KOHA)
Suppress in OPAC 0
948 ## - LOCAL PROCESSING INFORMATION (OCLC); SERIES PART DESIGNATOR (RLIN)
c (OCLC) 04/03/1997
Holdings
Withdrawn status Lost status Source of classification or shelving scheme Damaged status Not for loan Home library Current library Shelving location Date acquired Total Checkouts Full call number Barcode Date last seen Copy number Price effective from Koha item type
    Dewey Decimal Classification     London London Reference copy 14/09/1999   920 BLE 30001093 06/08/2019 1 06/08/2019 Book